NLSUI OPAC header image

The Transfer Of Property Act, 1882 (Act No, Iv Of 1882) (Record no. 110409)

MARC details
000 -LEADER
fixed length control field 00414nam a2200121Ia 4500
008 - FIXED-LENGTH DATA ELEMENTS--GENERAL INFORMATION
fixed length control field 171024s2014 xx 000 0 und d
020 ## - INTERNATIONAL STANDARD BOOK NUMBER
International Standard Book Number 9382676393
100 ## - MAIN ENTRY--PERSONAL NAME
Personal name Tripathi, Dr. G.P.
245 #4 - TITLE STATEMENT
Title The Transfer Of Property Act, 1882 (Act No, Iv Of 1882)
260 ## - PUBLICATION, DISTRIBUTION, ETC.
Place of publication, distribution, etc. Allahabad
Name of publisher, distributor, etc. Central Law Publications
Date of publication, distribution, etc. 2014
365 ## - TRADE PRICE
Price amount Rs.390.00
650 ## - SUBJECT ADDED ENTRY--TOPICAL TERM
Topical term or geographic name entry element Mortgages - immovable property
-- Transfer of Property Act - Commentary
Holdings
Withdrawn status Lost status Damaged status Not for loan Collection code Home library Current library Shelving location Date acquired Cost, normal purchase price Total Checkouts Full call number Barcode Date last seen Price effective from Koha item type
          . .   01.08.2017 644.00   346.0436 TRI REP12929 02.11.2017 02.11.2017 Repository